Kirjaimella J alkavien valtioiden naapurimaat - Statistics

Yleistilastot
  • Tätä visaa on pelattu 61 kertaa
  • Keskiarvotulos 4 / 5
Vastaustilastot
J:llä alkava valtio Rajanaapuri % Oikein
Jemen, Jordania Saudi-Arabia
98%
Jemen Oman
90%
Jordania Israel
88%
Jordania Syyria
82%
Jordania Irak
69%
Ehtoja vastaavia visoja ei löytynyt
Tulosjakauma
Jokaisen tuloksen saaneiden osuus
Persentiili vastausten määrän mukaan
Tuloshistoriasi
Et ole pelannut tätä visaa